Γιατί οι πόλεμοι; : ένας αιώνας γεωπολιτικής

Αποθηκεύτηκε σε:
Λεπτομέρειες βιβλιογραφικής εγγραφής
Κύριος συγγραφέας: Gere, Francois
Συγγραφή απο Οργανισμό/Αρχή: Ινστιτούτο Αμυντικών Αναλύσεων (Ελλάδα)
Άλλοι συγγραφείς: Τζουρμανά, Ιωάννα (trlf), Ντάλης, Σωτήρης (Επιμελητής έκδοσης)
Μορφή: Βιβλίο
Γλώσσα:Greek
French
Δημοσίευση: Αθήνα : Παπαζήση, 2005.
Θέματα:
Ετικέτες: Προσθήκη ετικέτας
Δεν υπάρχουν, Καταχωρήστε ετικέτα πρώτοι!

MARC

LEADER 00000cam a2200000 i 4500
001 1/40432
008 140122s2005 gr | ||| |||| ||gre||
020 |a 9600219117  
035 |l 10116385  
040 |a GR-MyUa   |b gre   |e AACR2  
041 1 |a gre  |h fre 
082 7 |a 355.02  |2 (22) 
100 1 |a Gere, Francois. 
245 1 0 |a Γιατί οι πόλεμοι; :   |b ένας αιώνας γεωπολιτικής /   |c Francois Gere ; Επιστημονική επιμέλεια: Σωτήρης Ντάλης ; μετάφραση: Ιωάννα Τζουρμανά ; Ινστιτούτο Αμυντικών Αναλύσεων.  
260 |a Αθήνα :   |b Παπαζήση,   |c 2005.  
300 |a 222 σ. :   |b χάρτ., εικ. ;   |c 24 εκ.  
504 |a Βιβλιογραφία: σ. 221.  
500 |a Τίτλος πρωτοτύπου: Pourquoi les guerres?  
650 0 |a Military history, Modern  |y 20th century. 
650 0 |a Military history, Modern  |y 21st century. 
650 0 |a World politics  |y 20th century. 
650 0 |a World politics  |y 21st century. 
650 0 |a Globalization. 
650 0 |a Terrorism. 
700 1 |a Τζουρμανά, Ιωάννα,  |e trlf 
700 1 |a Ντάλης, Σωτήρης,  |e edt 
710 2 |a Ινστιτούτο Αμυντικών Αναλύσεων (Ελλάδα) 
852 |a INST  |b RHODES  |c EUDOXUS  |e 20140122  |h 355.02 GER  |p 005400036035  |q 005400036035  |t EDX  |y 0 
901 |a BIBL4-2014-1 
920 |a ΕΥΔΟΞΟΣ  |b ΠΑΡΑΓΓΕΛΙΑ  |y Ρόδος-ΤΜΣ  |z 2013-12 
970 |z 2014/01/22